NBA - Top 10 Passeurs 2025 - Statistiques

Statistiques générales
  • Ce quiz a été pris 1 281 fois
    396 depuis la dernière actualisation
  • Le résultat moyen est 6 sur 10
Statistiques - réponses
Passes décisives par match Joueur % Correct
10,4 Nikola Jokic
95%
11,5 Trae Young
84%
8,5 LeBron James
75%
9,0 Tyrese Haliburton
73%
8,7 James Harden
64%
7,9 Chris Paul
63%
7,4 Jalen Brunson
59%
9,3 Cade Cunningham
55%
7,2 Damian Lillard
36%
6,8 Devin Booker
34%
Aucun quiz correspondant
Distribution des résultats
% des personnes avec chaque résultat
Percentile par nombre de réponses
Votre historique - résultats
Vous n’avez pas pris ce quiz depuis la dernière actualisation